| 000 | 00618nam a2200181 i 4500 | ||
|---|---|---|---|
| 001 | 52928 | ||
| 003 | ES-MaACL | ||
| 005 | 20230906162653.0 | ||
| 007 | t| | ||
| 008 | 931025m18881909sp ||||1| spa d | ||
| 110 | 2 |
_aArchivo de Villa (Madrid) _91427 |
|
| 245 | 1 | 0 |
_aDocumentos del Archivo General de la Villa de Madrid / _cinterpretados y coleccionados por Timoteo Domingo Palacio. |
| 260 |
_aMadrid : _b[s.n.], _c<1888-1909> ( _fImp. Municipal) |
||
| 300 |
_a4 v. ; _c20 cm. |
||
| 505 | 8 | _aContiene vols. 1-4 (la obra consta de 5 vols) | |
| 700 | 1 |
_aDomingo Palacio, Timoteo. _945146 |
|
| 852 |
_aES-MaACL _jF-5959-62 |
||
| 999 |
_c52928 _d52928 |
||